Oulun kaupunginosat kartalla - Statistics

Yleistilastot
  • Tätä visaa on pelattu 3 418 kertaa
  • Keskiarvotulos 40 / 105
Vastaukset kartalla
Vastauksille on annettu kartalla punavihreä väri sen mukaan, kuinka moni on saanut sen oikein.
 
Vastaustilastot
Hint Vastaus % Oikein
Toppila
86%
Tuira
86%
Haukipudas
84%
Oulunsalo
83%
Kiiminki
81%
Kaakkuri
78%
Limingantulli
75%
Raksila
73%
Linnanmaa
71%
Kaukovainio
70%
Ritaharju
68%
Ylikiiminki
67%
Kello
66%
Pateniemi
65%
Metsokangas
64%
Rajakylä
63%
Rusko
63%
Jäälinkylä
62%
Maikkula
61%
Välivainio
58%
Alppila
56%
Hiukkavaara
56%
Yli-Ii
56%
Laanila
54%
Hiironen
53%
Karjasilta
53%
Höyhtyä
52%
Kaijonharju
52%
Hietasaari
50%
Kuivasjärvi
50%
Herukka
49%
Koskela
49%
Värttö
49%
Intiö
47%
Myllytulli
47%
Kontinkangas
46%
Talvikangas
46%
Mäntylä
45%
Puolivälinkangas
45%
Äimärautio
44%
Hintta
44%
Pikisaari
44%
Taskila
44%
Toppilansaari
44%
Myllyoja
42%
Iinatti
41%
Haapalehto
39%
Kiviniemi
39%
Lintula
39%
Martinniemi
38%
Oulunsuu
38%
Peltola
38%
I Pokkinen
36%
Saarela
36%
Alakylä
34%
Nuottasaari
34%
II Vaara
34%
IV Hollihaka
33%
Nokela
33%
Pyykösjärvi
32%
Sanginsuu
32%
Heikkilänkangas
30%
Isko
30%
Kivikkokangas
29%
Vihreäsaari
29%
Knuutila
28%
Madekoski
28%
Pikkarala
26%
Takalaanila
26%
Kynsilehto
25%
Korvensuora
23%
V Leveri
23%
III Vanhatulli
22%
Heikinharju
21%
Salonpää
21%
Koskikeskus
20%
Sanginjoki
20%
Perävainio
19%
Välikylä
19%
Kirkkokangas
18%
Jokikylä
17%
Vanha Hiukkavaara
17%
Huttukylä
16%
Kalimenkylä
16%
Kylänpuoli
16%
Parkkisenkangas
16%
Vesala
16%
Korvenkylä
15%
Ruskonselkä
14%
Tannila
13%
Jolos
12%
Hannus
11%
Vepsä
11%
Juurusoja
10%
Lapinkangas
10%
Liikanen
9%
Nuoritta
8%
Puolukkakangas
8%
Vuotto
8%
Hangaskangas
7%
Saviharju
7%
Ulkosanki
7%
Niiles
6%
Pahkala
6%
Haukkasuo
5%
Ehtoja vastaavia visoja ei löytynyt
Tulosjakauma
Jokaisen tuloksen saaneiden osuus
Persentiili vastausten määrän mukaan
Tuloshistoriasi
Et ole pelannut tätä visaa